Logo BPK

Biblioteka

Politechniki Koszalińskiej

Komentarz do kodeksu cywilnego. (Rekord nr 43293)

Szczegóły MARC
000 -ETYKIETA REKORDU
podpole kontrolne o stałej długości 00921nam a2200241 i 4500
001 - NUMER KONTROLNY REKORDU
pole kontrolne bg
020 ## - MIĘDZYNARODOWY ZNORMALIZOWANY NUMER KSIĄŻKI - ISBN
ISBN 8373342168 (t. 12)
040 ## - ŹRÓDŁO KATALOGOWANIA
Instytucja, która utworzyła rekord BPK
041 0# - KOD JĘZYKA
Kod języka tekstu pol
080 ## - UNIWERSALNA KLASYFIKACJA DZIESIĘTNA - UKD
UKD 347.41/.43(438)
920 ## - Międzynarodowy znormalizowany numer książki – ISBN
ISBN 83-7334-216-8 (t. 1-2)
008 - POLE O STAŁEJ DŁUGOŚCI - DANE KONTROLNE
podpole kontrolne o stałej długości s pl f |000 0 pol
245 00 - TYTUŁ/ODPOWIEDZIALNOŚĆ
Tytuł Komentarz do kodeksu cywilnego.
Oznaczenie części/sekcji dzieła Ks. 3,
-- T. 1,
Tytuł części/sekcji dzieła Zobowiązania /
Pozostałe elementy strefy tytułu i oznaczenia odpowiedzialności Gerard Bieniek [et al.] ; pod red. Gerarda Bieńka.
250 ## - STREFA WYDANIA
Oznaczenie wydania Wyd. 5, stan prawny na 15 czerwca 2003 r.
260 ## - STREFA ADRESU WYDAWNICZEGO
Miejsce wydania Warszawa :
Nazwa wydawcy/dystrybutora Wydaw. Prawnicze "LexisNexis",
Data publikacji, dystrybucji/powstania dokumentu 2003.
300 ## - STREFA OPISU FIZYCZNEGO
Objętość 621 s. ;
Rozmiary 25 cm.
500 ## - UWAGI OGÓLNE
Tekst uwagi Uwzględnia zmiany wchodzące w życie 25 września 2003 r.
504 ## - UWAGA DOTYCZĄCA BIBLIOGRAFII
Informacje o bibliografii Bibliogr. przy rozdz.
650 #9 - HASŁO PRZEDMIOTOWE W FORMIE NAZWY OGÓLNEJ LUB JEDNOSTKOWEJ
Nazwa ogólna lub geograficzna Prawo zobowiązaniowe
Określnik geograficzny Polska
Określnik chronologiczny stan na 2003 r.
700 1# - HASŁO DODATKOWE - NAZWA OSOBOWA
Nazwa osobowa BIENIEK, Gerard
Daty związane z nazwą (1941-2011).
Określenie związku między hasłem a opisywanym materiałem Red.
856 ## - LOKALIZACJA I DOSTĘP DO ELEKTRONICZNYCH DOKUMENTÓW ZDALNYCH
Link (URL) http://koha.tu.koszalin.pl/cgi-bin/koha/opac-detail.pl?biblionumber=43293
Tekst linku Katalog online BPK
942 ## - DODATKOWE ELEMENTY (KOHA)
Typ dokumentu Książka
Egzemplarze
Wycofany Status egzemplarza Uszkodzony Dostępność Lokalizacja stała Lokalizacja bieżąca Miejsce przechowywania Sygnatura Kod kreskowy Status: wypożyczony Typ dokumentu
      Dostępny Biblioteka Politechniki Koszalińskiej Biblioteka Politechniki Koszalińskiej Wypożyczalnia BG 68620 02012933 09.05.2027 Książka
© 2023 Biblioteka Politechniki Koszalińskiej :: KOHA